| 000 | 00650nam a2200217 a 4500 | ||
|---|---|---|---|
| 001 | BRCA_7396 | ||
| 005 | 20190320205824.0 | ||
| 008 | 220313s1942----mx-a######---#000-0#spa-# | ||
| 041 | _aspa | ||
| 044 | _amx | ||
| 050 | 4 |
_aN7824.5 _b.C37 1942 |
|
| 100 | 1 |
_aCarreño, Alberto María _918251 |
|
| 245 | 1 | 0 |
_aLa exposición de arte religioso en Guadalajara _cAlberto María Carreño. |
| 260 |
_aGuadalajara, Jal., México _bA. M. Carreño _c1942 |
||
| 300 |
_a66 p. _bil. |
||
| 500 | _aQ111 | ||
| 650 | 1 | 4 |
_aArte y simbolismo cristianos _vExposiciones _zGuadalajara, Jalisco _918252 |
| 650 | 1 | 4 |
_aArte religioso _92845 |
| 902 | _aGFM | ||
| 942 |
_2lcc _cB |
||
| 999 |
_c7072 _d7072 |
||